[Event "Logumkloster-chC"]
[Site "Logumkloster"]
[Date "2016.04.19"]
[Round "2"]
[White "Underbjerg, Niels"]
[Black "Moller, Martin"]
[Result "0-1"]
[WhiteElo "1130"]
[BlackElo "1184"]
[PlyCount "80"]
[EventDate "2016.04.12"]
[EventType "tourn"]
[EventRounds "5"]
[EventCountry "DEN"]
[SourceTitle "EXT 2023"]
[Source "ChessBase"]
[SourceDate "2022.10.05"]
[SourceVersion "1"]
[SourceVersionDate "2022.10.05"]
[SourceQuality "1"]

1. e4 g6 2. Bc4 Bg7 3. d4 d6 4. Nf3 e6 5. 0-0 Ne7 6. e5 d5 7. Bb3 0-0 8. Bg5 f5 9. Nc3 h6 10. Be3 f4 11. Bd2 g5 12. g3 g4 13. Nh4 f3 14. Na4 Qe8 15. Nc5 b6 16. Nd3 Nf5 17. Nxf5 Rxf5 18. Nf4 c5 19. c3 Nc6 20. Bc2 Rf8 21. Qb1 Ne7 22. Ng6 Rf7 23. Nf4 Nf5 24. Nh5 Rf8 25. Nxg7 Kxg7 26. Qc1 Qh5 27. Bxf5 Rxf5 28. Bxh6+ Qxh6 29. Qxh6+ Kxh6 30. b4 Ba6 31. Rfc1 c4 32. a4 Bb7 33. b5 a6 34. bxa6 Bxa6 35. Rcb1 Rb8 36. Rb2 Rf7 37. a5 b5 38. Rab1 Kg6 39. Re1 Rh7 40. Reb1 Rbh8 0-1